| 000 | 00973nam a2200277Ia 4500 | ||
|---|---|---|---|
| 001 | Para_401 | ||
| 003 | CHAP | ||
| 008 | 220125s2000 xx 000 0 und d | ||
| 010 | _a199156 | ||
| 040 | _cCHAP | ||
| 090 | _aPA TESIS 1430 | ||
| 100 |
_aJarquín Nieto, Ignacio Antonio _961187 |
||
| 245 |
_aEstudio fitosanitario para la rehabilitación de setos en el parque "Alameda Oriente Bordo de Xochiaca" del Distrito Federal / _c por Ignacio Antonio Jarquín Nieto |
||
| 260 |
_aChapingo, Méx. : _b el autor |
||
| 300 | _a42 h. | ||
| 502 | _aTesis (Ing. Agr. Esp. en Parasitología Agrícola) -- UACh. Departamento Parasitología Agrícola | ||
| 650 |
_aPlantas ornamentales _x enfermedades _989062 |
||
| 710 |
_aUACh. Departamento Parasitología Agrícola _9164025 |
||
| 901 | _aPA TESIS 1430 | ||
| 902 | _aA | ||
| 905 | _a0000002000 aa 0000000000 00 | ||
| 910 | _a2000 | ||
| 942 | _cPARA | ||
| 942 |
_cPARA _d1 |
||
| 999 |
_c199156 _d199156 |
||